| 000 | 00743nam a2200289Ia 4500 | ||
|---|---|---|---|
| 008 | 171025s9999 xx 000 0 und d | ||
| 020 | _a751351989 | ||
| 050 | _a909 | ||
| 050 | _bP713 1994 | ||
| 100 | _aPlantagenet somerset fry. | ||
| 245 | _aHistory of the world / | ||
| 245 | _cby Plantagenet somerset fry. | ||
| 250 | _aRevised edition. | ||
| 260 | _aLondon : | ||
| 260 | _bDorling Kindersley, | ||
| 260 | _c1994 | ||
| 300 | _a400 pages : | ||
| 300 | _bcolor illustrations ; | ||
| 300 | _c28cm. | ||
| 440 | _aThe dorling kindersley. | ||
| 500 | _aIncludes glossary and index. | ||
| 650 | _aWorl history. | ||
| 650 | _aWorld history -- | ||
| 650 | _xJuvenile literature. | ||
| 700 | _aSeries. | ||
| 700 | _aTitle. | ||
| 999 |
_c344737 _d344737 |
||